Quizzes
Events
Quiz Creation
Community
Videos
Private Events
Remove Ads
Sign In
Join for FREE
Feedback
Dark Mode
Quiz Categories
Sports
Geography
Music
Movies
Television
Just For Fun
Miscellaneous
History
Literature
Language
Science
Gaming
Entertainment
Religion
Holiday
For Kids
Quiz Lab
Recent
Popular Today
Quiz Kudos Today
Editor Picks
Curator Picks
Quizzes by...
Day
Popularity
Type
Ratings
Length
Year
Community
Subscriptions
Recent Discussions
Orange Saloon
Badges
Playlists
Quests
Create
Leaderboards
Showdown
Live 5
Trivia Bingo
Activity
Puzzle Library
Sporcle Events
Private Events
Virtual Trivia
Globe League
Become a Host
Pub Owners
SporcleCon
Opinionation
Our Games
Videos
Blog
Mobile Apps
Partnerships
Remove Ads and Go Orange
Feedback
Music
Pop Music
The Beatles
Song
Album
Lyrics
Bands
Singers
Artist
Clip
Rock
Rap
Classical
Billboard
Country Music
Kpop
Taylor Swift
Music
Pop Music
The Beatles
Song
Album
Lyrics
Bands
Singers
Artist
Clip
Rock
Rap
Classical
Billboard
Country Music
Kpop
Taylor Swift
Random Quiz
Search Sporcle
×
Quiz Lab
Quiz Lab
Music
Artist
Type in answers that appear in a list
Type in answers that appear in a list
Classic
Best Score? Go Orange.
Rolling Stone's 500 Greatest Albums of All Time 401-500 Stats
Can you name the Rolling Stone's 500 Greatest Albums of All Time 401-500?
By
gak4191
15m
100 Questions
85 Plays
85 Plays
85 Plays
Comments
Comments
Give Quiz Kudos
Give Quiz Kudos
-
- Ratings
hide this ad
More Info
Replay
Link that replays current quiz
Next Quiz
Link to next quiz in quiz playlist
You Got
0%
They Got
Avg Score
36%
Avg Friend Score
Upgrade to see
Score Distribution
Jump to the score distribution portion of the page
Score
0/100
Timer
15:00
0
Plays Today
Artist
Album
% Correct
431. Nirvana
In Utero
82.4%
410. Van Halen
Van Halen
80%
412. U2
Boy
80%
420. Radiohead
Kid A
80%
497. The Stone Roses
The Stone Roses
74.1%
472. George Michael
Faith
72.9%
447. The Police
Synchronicity
70.6%
473. The Smiths
The Smiths
69.4%
479. The Smashing Pumpkins
Mellon Collie and the Infinite Sadness
69.4%
429. George Harrison
All Things Must Pass
68.2%
465. Coldplay
A Rush of Blood to the Head
68.2%
467. Bruce Springsteen
Tunnel of Love
62.4%
484. Pearl Jam
Vitalogy
62.4%
486. Cyndi Lauper
She's So Unusual
62.4%
493. Wilco
Yankee Hotel Foxtrot
61.2%
403. The Doors
Strange Days
60%
458. Hole
Live Through This
60%
464. Def Leppard
Hysteria
58.8%
414. Portishead
Dummy
57.6%
462. R.E.M.
Document
55.3%
444. Madonna
Music
54.1%
456. Jay-
Z
The Blueprint
52.9%
460. Elton John
Elton John
52.9%
402. Sinead O'Connor
I Do Not Want What I Haven't Got
51.8%
433. No Doubt
Tragic Kingdom
50.6%
438. Suicide
Suicide
49.4%
404. Bob Dylan
Time Out of Mind
48.2%
413. Wings
Band on the Run
48.2%
475. The Notorious B.I.G.
Life After Death
47.1%
482. Gang of Four
Entertainment!
47.1%
406. Wire
Pink Flag
45.9%
426. The Police
Outlandos d'Amour
44.7%
483. Mott the Hoople
All the Young Dudes
44.7%
409. Go-
Go's
Beauty and the Beat
43.5%
Artist
Album
% Correct
432. Beck
Sea Change
42.4%
442. Steve Miller Band
Fly Like an Eagle
42.4%
434. The Cure
Boys Don't Cry
40%
446. Stan Getz/
Joao Gilberto
Getz/Gilberto
40%
500. Outkast
Aquemini
40%
428. Brian Eno
Here Come the Warm Jets
38.8%
439. Devo
Q: Are We Not Men? A: We Are Devo!
38.8%
478. Funkadelic
Maggot Brain
38.8%
401. PJ Harvey
Rid of Me
37.6%
469. The Fugees
The Score
37.6%
405. Eric Clapton
461 Ocean Boulevard
35.3%
418. Rage Against the Machine
The Battle of Los Angeles
35.3%
474. Elvis Costello and the Attractions
Armed Forces
35.3%
408. Massive Attack
Mezzanine
34.1%
430. Big Star
#1 Record
34.1%
437. The Pogues
Rum, Sodomy and the Lash
34.1%
461. Public Image LTD.
Metal Box
34.1%
481. Steve Earle
Guitar Town
34.1%
488. Kiss
Destroyer
32.9%
425. Brian Eno
Another Green World
31.8%
453. Los Lobos
How Will the Wolf Survive?
31.8%
490. ZZ Top
Tres Hombres
31.8%
445. Jane's Addiction
Ritual de lo Habitual
30.6%
480. D'Angelo
Voodoo
29.4%
494. Boz Scaggs
Boz Scaggs
29.4%
450. John Prine
John Prine
28.2%
470. LL Cool J
Radio
28.2%
487. Husker Du
New Day Rising
28.2%
407. Minutemen
Double Nickels on the Dime
27.1%
455. Elton John
Tumbleweed Connection
27.1%
422. Cheap Trick
At Budokan
25.9%
421. Gram Parsons
Grievous Angel
23.5%
454. Marvin Gaye
Here, My Dear
23.5%
459. Bob Dylan
Love and Theft
23.5%
Artist
Album
% Correct
411. Tom Waits
Mule Variations
22.4%
448. Big Star
Third/Sister Lovers
21.2%
489. Public Enemy
Yo! Bum Rush the Show
21.2%
492. Eurythmics
Touch
21.2%
498. Herbie Hancock
Head Hunters
21.2%
468. The Paul Butterfield Blues Band
The Paul Butterfield Blues Band
20%
415. Buddy Holly and the Crickets
The 'Chirping' Crickets
18.8%
427. PJ Harvey
To Bring You My Love
18.8%
440. Cheap Trick
In Color
17.6%
471. Richard and Linda Thompson
I Want to See the Bright Lights Tonight
17.6%
463. Echo and the Bunnymen
Heaven Up Here
16.5%
495. Ian Dury and the Blockheads
New Boots and Panties!!
16.5%
423. Diana Ross and the Supremes
Anthology
15.3%
443. MC5
Back in the USA
15.3%
416. Various Artists (TBOTGGV1&2)
The Best of the Girl Groups Volumes 1 and 2
14.1%
452. Alice Cooper
Love It to Death
14.1%
491. Albert King
Born Under a Bad Sign
14.1%
441. War
The World Is a Ghetto
12.9%
499. B.B. King
Live at Cook County Jail
12.9%
419. The Ronettes
Presenting the Fabulous Ronettes featuring Veronica
11.8%
435. Sam Cooke
Live at the Harlem Square Club, 1963
11.8%
436. Boogie Down Productions
Criminal Minded
11.8%
449. Jackson Browne
For Everyman
11.8%
485. Earth, Wind and Fire
That's the Way of the World
11.8%
417. David Bowie
Changesonebowie
10.6%
451. EPMD
Strictly Business
9.4%
424. Peter Wolf
Sleepless
5.9%
457. The Drifters
Golden Hits
5.9%
476. Merle Haggard
Branded Man or Down Every Road
5.9%
466. Otis Redding
Live in Europe
4.7%
496. Bonnie Raitt
Give It Up
4.7%
477. Loretta Lynn
All Time Greatest Hits
2.4%
Quiz Playlist
Details
Report
Send in Message
Add To Playlist
More Info:
From Rolling Stone's 500 Greatest Albums of All Time (2005)
Classic:
Type in answers that appear in a list
Last Updated: Feb 16, 2017
Quiz Scoreboard
CHALLENGE
Sign Up to Join the Scoreboard
Show All
Scores
Hide
Comments
May contain spoilers
Recently Published
Presidents Visiting Landmarks
by Hejman
History
7m
An Introduction to Baseball
by treessimontrees
Sports
5m
Movies - When Are They Set?
by FPL_Elf
Movies
5m
More to Explore
Quiz From the Vault
Featured Blog Post
Where Did the Easter Bunny Come From?
hide this ad
You Might Also Like...
Tags
Album Quiz
Artist Quiz
500
All Time
greatest
Rolling
Rolling Stone
stone
Today's Top Quizzes in Music
Browse Music
hide this ad
Today's Top Quizzes in Artist
Browse Artist
Top Contributed Quizzes in Music
1
Taylor Swift All Songs (2024)
2
Guess the Artist- 70s Songs
3
Taylor Swift Logic Puzzle
4
KPOP LOGIC QUIZ
5
One Thing in Common: Music
6
2010s Album by Cover III
7
7-to-1: Billboard Hot 100 #1 Hits of 2010s
8
Guess the Taylor Swift song (Mystery Song)
9
Sorting Albums and Songs
10
2000s Album Cover Bunker
Explore More
Trending Topics
Anime
Crossword
Marvel
Disney
Kpop
NBA
Harry Potter
The Office
Soccer
WWE
Pokémon
NFL
Country
Song
Puzzle
hide this ad
More By:
gak4191
Quiz
Plays
Rating
Category
Featured
Created
The Top 5000 Songs of the Rock Era 1-300 (2003)
3,474
3.52
Music
Aug 5, 2015
The Top 5000 Songs of the Rock Era 301-600 (2003)
1,233
5.00
Music
Aug 11, 2015
The Top 5000 Songs of the Rock Era 601-900 (2003)
1,176
5.00
Music
Aug 12, 2015
The Top 5000 Songs of the Rock Era 901-1200 (2003)
1,124
3.60
Music
Aug 13, 2015
The Top 5000 Songs of the Rock Era 1201-1500 (2003)
891
5.00
Music
Aug 20, 2015
Go to Creator's Profile
Score Distribution
Quiz Creator Spotlight
gak4191
Follow
Send a Message
Quizzes Created
-
Created Quiz Play Count
-
More By This Creator
Popular Quizzes Today
1
Find the US States - No Outlines Minefield
2
Find the Countries of Europe - No Outlines Minefield
3
The Countries of the World
4
Find the US States
5
Popular People in 1961
6
US States
7
Risky Map Clicking: Biggest States A-Z
8
1-10 Letter E Words III
More Music Quizzes
'M' Taylor Swift Songs
Quiz Lab
Trending Quizzes
Risky Map Clicking: Least Populous States A-Z
1-10 Letter G Words
1-10 Letter F Words
One Thing in Common: United Kingdom
Risky Map Clicking: Next State Alphabetically
Recently Updated
Leaping Animals
pecheneg
Reality TV Shows (A-Z)
bhenderson79
Rickey Henderson's Hall of Fame Teammates
pecheneg
Champions League XIs: Arsenal
pecheneg
Quick Pick: Celebrities in WWE's Hall of Fame
aduchscher
A-Z Keypad Blitz II
pecheneg
Multiple Oscar Actors
pecheneg
Mystery Phrase Blitz: Oscar 'Best Actors'
pecheneg
F. Scott Fitzgerald Novels
LTH
Pick 3 Villains
ddd62291
Trending Topics
Marvel
Anime
NBA
Crossword
Disney
Harry Potter
Kpop
The Office
WWE
Puzzle
Song
Country
Pokémon
Soccer
NFL
Your Account Isn't Verified!
In order to create a playlist on Sporcle, you need to verify the email address you used during registration. Go to your
Sporcle Settings
to finish the process.
Report this User
Report this user for behavior that violates our
Community Guidelines
.
Details:
Send Report
Go to the Sporcle.com Mobile Site →
Comments